| 000 | 00588nam a2200205Ia 4500 | ||
|---|---|---|---|
| 003 | IIN | ||
| 005 | 20240118121902.0 | ||
| 008 | 231217s9999 xx 000 0 und d | ||
| 020 |
_cRs695.00 _a9789390281305 |
||
| 040 |
_aIIN _bEnglish |
||
| 082 |
_a610.7 _bNAY |
||
| 100 | 1 | _aNayak, Shivananda B, | |
| 245 | 1 |
_aHandbook Biochemistry and Nutrition: _bfor Nursing and Allied Health Students _cShivananda Nayak B |
|
| 250 | _a3rd ed | ||
| 260 |
_bJaypee _aNew Delhi _c2021 |
||
| 300 | _axix, 396 p. | ||
| 650 | 1 |
_aNutrition _vNursing |
|
| 650 | 1 |
_aBiochemistry _vNursing |
|
| 942 | _cBOOK | ||
| 999 |
_c437 _d437 |
||